El cambio estratégico (Record no. 53891)
[ view plain ]
| 000 -LEADER | |
|---|---|
| fixed length control field | 01133nam a22002657a 4500 |
| 005 - DATE AND TIME OF LATEST TRANSACTION | |
| control field | 20260227142004.0 |
| 008 - FIXED-LENGTH DATA ELEMENTS--GENERAL INFORMATION | |
| fixed length control field | 260227b mx ||||| |||| 00| 0 spa d |
| 020 ## - INTERNATIONAL STANDARD BOOK NUMBER | |
| International Standard Book Number | 9706136355 |
| 050 04 - LIBRARY OF CONGRESS CALL NUMBER | |
| Classification number | HD58.8 |
| Item number | H84 2002 |
| 100 1# - MAIN ENTRY--PERSONAL NAME | |
| Personal name | Huff, Anne Sigismund, |
| Dates associated with a name | 1946- |
| 240 1# - UNIFORM TITLE | |
| Uniform title | When firms change direction. |
| Language of a work | Español |
| 245 13 - TITLE STATEMENT | |
| Title | El cambio estratégico |
| Remainder of title | : cuando las empresas cambian de orientación |
| Statement of responsibility, etc | / Anne Sigismund Huff, James Oran Huff ; con la colaboración de Pamela S. Barr ; traducción Enrique Cruz Mercado González ; revisión técnica Miguel Enrique Sánchez Boy. |
| 250 ## - EDITION STATEMENT | |
| Edition statement | 1a ed. |
| 260 ## - PUBLICATION, DISTRIBUTION, ETC. (IMPRINT) | |
| Place of publication, distribution, etc | México : |
| Name of publisher, distributor, etc | Oxford University Press México, |
| Date of publication, distribution, etc | 2002 |
| 300 ## - PHYSICAL DESCRIPTION | |
| Extent | xvi, 380 p. : |
| Other physical details | il. ; |
| Dimensions | 23 cm. |
| 504 ## - BIBLIOGRAPHY, ETC. NOTE | |
| Bibliography, etc | Incluye bibliografía : p. 331-371 e índice |
| 650 #7 - SUBJECT ADDED ENTRY--TOPICAL TERM | |
| Source of heading or term | lemb |
| Topical term or geographic name as entry element | Cambio organizacional |
| 650 #7 - SUBJECT ADDED ENTRY--TOPICAL TERM | |
| Source of heading or term | lemb |
| Topical term or geographic name as entry element | Reorganizaciones corporativas |
| 650 #7 - SUBJECT ADDED ENTRY--TOPICAL TERM | |
| Source of heading or term | lemb |
| Topical term or geographic name as entry element | Cultura corporativa |
| 700 1# - ADDED ENTRY--PERSONAL NAME | |
| Personal name | Huff, James Oran |
| Relator term | autor |
| 700 1# - ADDED ENTRY--PERSONAL NAME | |
| Personal name | Barr, Pamela S. |
| Relator term | colaborador |
| 700 1# - ADDED ENTRY--PERSONAL NAME | |
| Personal name | Mercado González, Enrique Cruz |
| Relator term | traductor |
| 700 1# - ADDED ENTRY--PERSONAL NAME | |
| Personal name | Sánchez Boy, Miguel Enrique |
| Relator term | revisor técnico |
| 942 ## - ADDED ENTRY ELEMENTS (KOHA) | |
| Source of classification or shelving scheme | Biblioteca del Cogreso de los Estados Unidos |
| Koha item type | Libro |
| Estado de pérdida | Fuente de clasificación | Estado del daño | No para préstamo | Ubicación permanente | Ubicación actual | Apartado o colección | Fecha de adquisición | Fuente de adquisición | Edición | Dependencia de educación superior (DES) | Área del conocimiento | Clasificación | Código de Barras | Date last seen | Número de copia | Costo por reposición | Tipo de recurso | Enumeración de Serie / Cronológica | Nota pública |
|---|---|---|---|---|---|---|---|---|---|---|---|---|---|---|---|---|---|---|---|
| Biblioteca del Cogreso de los Estados Unidos | Uso interno Biblioteca | Biblioteca de la Facultad de Contaduría y Ciencias Administrativas | Biblioteca de la Facultad de Contaduría y Ciencias Administrativas | General | 05/06/2014 | Unidad Académica | 1a ed. | Ciencias Económico Administrativas | Ciencias Sociales y Administrativas | HD58.8 H84 2002 | BCCA000002241 | 05/06/2014 | 1 | 550.00 | Libro | ||||
| Biblioteca del Cogreso de los Estados Unidos | Uso interno Biblioteca | Biblioteca de la Facultad de Economía | Biblioteca de la Facultad de Economía | General | 27/02/2026 | Dirección General de Bibliotecas Generado | 1a ed. | Ciencias Económico Administrativas | Ciencias Sociales y Administrativas | HD58.8 H84 2002 | BFE000011715 | 16/05/2017 | 1 | 1.00 | Libro | Traducido de la 1a ed. en inglés a la 1a ed. en español | |||
| Biblioteca del Cogreso de los Estados Unidos | Biblioteca de la Facultad de Economía | Biblioteca de la Facultad de Economía | General | 27/02/2026 | Dirección General de Bibliotecas Generado | 1a ed. | Ciencias Económico Administrativas | Ciencias Sociales y Administrativas | HD58.8 H84 2002 | BFE000011716 | 16/05/2017 | 2 | 1.00 | Libro | traducción de la 1a ed. en inglés a la 1a ed. en español | ||||
| Biblioteca del Cogreso de los Estados Unidos | Biblioteca de la Unidad de Ciencias Ingeniería y Humanidades | Biblioteca de la Unidad de Ciencias Ingeniería y Humanidades | General | 19/03/2019 | 1a. ed. | Ciencias Sociales y Administrativas | HD58.8 H84 2002 | BCU000006205 | 19/03/2019 | C:1 | Libro | ||||||||
| Biblioteca del Cogreso de los Estados Unidos | Biblioteca de la Unidad de Ciencias Ingeniería y Humanidades | Biblioteca de la Unidad de Ciencias Ingeniería y Humanidades | General | 19/03/2019 | 1a. ed. | Ciencias Sociales y Administrativas | HD58.8 H84 2002 | BCU000006206 | 19/03/2019 | C:2 | Libro |